000 00475nam a2200193 a 4500
001 12019
003 CO-ViMGA
008 141112s2004 ck r 000 u spa d
020 _a8420430714
040 _aCO-ViMGA
_bspa
_cCO-ViMGA
082 0 4 _a869.3 S17t
100 1 _aSaramago, Jose
_916965
245 1 0 _aTodos los nombres
250 _a7
260 _aSanta Fe de Bogotá :
_bAlfaguara,
_c1998
300 _a323P
650 1 4 _aNOVELA PORTUGUESA
_916966
942 _2ddc
_cBK
999 _c23072
_d23072